000 00631nam a2200241Ia 4500
003 OSt
005 20220918191831.0
006 a|||||r|||| 00| 0
007 ta
008 220917b |||||||| |||| 00| 0 eng d
024 _a65,334
037 _cTextual
040 _aARTS
_cARTS
_beng
041 _2eng
_aeng
082 _aQ8441:(R), N2
100 _aKohli Surindar Singh
245 0 _aSikh philosophy
260 _aAmritsar
_bSingh Brothers India
_c1992
300 _a160p.
_ccm.
650 _aRELIGION; RELIGION
942 _hQ8441:(R), N2
_cTEXL
_2CC
999 _c191583
_d191583